000 00683nam a2200265Ia 4500
005 20260121165655.0
008 008 260114s9999 xx 000 0 eng d
020 _a9789811034916
037 _aEBOOK
040 _aCRL
040 _beng
040 _cCRL
041 _2eng
041 _aeng
084 _qCRL
100 _aErnesto Noronha, Premilla D'Cruz
_91054638
245 0 _aCritical Perspectives on Work and Employment in Globalizing India
260 _bSpringer
260 _bSpringer
260 _c2017
856 _uhttps://link.springer.com/openurl?genre=book&isbn=978-981-10-3491-6
942 _cEBOOK
999 _c1620365
_d1620365